00353nam a22000977a 4500008004100000100004400041245009100085260002200176300003600198773002100234210823b ||||| |||| 00| 0 eng d aRoy, Souvanic and Chatterji, Tathagata  aThe pandemic and reimagining the urban through he lens of progressive state responses  aSocial Scientist  a49(3-4), Mar-Apr, 2021: p.45-56 aSocial Scientist